| 000 | 00398nam a2200109Ia 4500 | ||
|---|---|---|---|
| 008 | 171204s9999 xx 000 0 und d | ||
| 245 | _aExcel: Strategic Use of the Calc Spreadsheet in Business Environment. Data Analysis and Business Modeling: | ||
| 245 | _cFrancesco Iannello | ||
| 260 | _c2016 | ||
| 650 | _xBUSINESS SOFTWARE APPLICATION | ||
| 856 | _uhttp://down.ebook777.com/047/9781530738724.pdf | ||
| 999 |
_c345670 _d345670 |
||